Statistics for Famous Literature

Click here to take the quiz!

General Stats

  • This quiz has been taken 25 times
  • The average score is 16 of 28

Answer Stats

BookAuthor% Correct
Jane EyreCharlotte Brontë
96%
Wuthering HeightsEmily Brontë
96%
Murder on the Orient ExpressAgatha Christie
91%
Great ExpectationsCharles Dickens
91%
The OdysseyHomer
87%
FrankensteinMary Shelly
87%
Moby DickHerman Melville
78%
EmmaJane Austin
78%
The Picture of Dorian GrayOscar Wilde
78%
Les MisérablesVictor Hugo
78%
Little WomanLouisa May Alcott
74%
East Of EdenJohn Steinbeck
70%
The Scarlet LetterNathaniel Hawthorne
65%
Paradise Lose
John Milton
61%
Crime and PunishmentFyodor Dostoyevsky
57%
Gulliver's TravelsJonathan Swift
57%
Don QuixoteMiguel De Cervantes
57%
The Count of Monte CristoAlexandre Dumas
48%
The Invisible ManH.G. Wells
48%
UtopiaThomas More
48%
The AeneidVirgil
48%
Invisible ManRalph Ellison
39%
The Legend of Sleepy HallowWashington Irving
39%
All Quiet on the Western FrontErich Maria Remarque
22%
Robinson CrusoeDaniel Dafoe
17%
MeditationsMarcus Aurelius
13%
The Souls of Black FolkW.E.B. Du Bois
9%
Twelve Angry MenReginald Rose
0%

Score Distribution

Percentile by Number Answered

Percent of People with Each Score

Your Score History

You have not taken this quiz